Dosis personal : (Registro nro. 173246)
[ vista simple ]
| 000 -LEADER | |
|---|---|
| fixed length control field | 01237nam a22003491i 4500 |
| 001 - CONTROL NUMBER | |
| control field | bslw10094592 |
| 006 - FIXED-LENGTH DATA ELEMENTS--ADDITIONAL MATERIAL CHARACTERISTICS--GENERAL INFORMATION | |
| fixed length control field | m o d |
| 007 - PHYSICAL DESCRIPTION FIXED FIELD--GENERAL INFORMATION | |
| fixed length control field | cr un ---uuuua |
| 008 - FIXED-LENGTH DATA ELEMENTS--GENERAL INFORMATION | |
| fixed length control field | 231011s2013 ck ob 000 0 spa d |
| 020 ## - INTERNATIONAL STANDARD BOOK NUMBER | |
| International Standard Book Number | 9789588347912 |
| 035 ## - | |
| -- | 40459 |
| 040 ## - CATALOGING SOURCE | |
| Original cataloging agency | UtOrBLW |
| Language of cataloging | eng |
| Description conventions | rda |
| Transcribing agency | UtOrBLW |
| 043 ## - | |
| -- | s-ck--- |
| 050 #4 - | |
| -- | KHH3480 |
| -- | .A78 2013eb |
| 082 04 - | |
| -- | 342.861 |
| -- | 23 |
| 100 1# - MAIN ENTRY--PERSONAL NAME | |
| Personal name | Arturo Dorado, Néstor Raúl, |
| Relator term | author. |
| 245 10 - TITLE STATEMENT | |
| Title | Dosis personal : |
| Remainder of title | estado social de derecho / |
| Statement of responsibility, etc | Néstor Paúl Arturo Dorado. |
| 264 #1 - | |
| -- | Cali : |
| -- | Pontificia Universidad Javeriana, |
| -- | [2013] |
| 300 ## - PHYSICAL DESCRIPTION | |
| Extent | 1 online resource ([161] pages) |
| 336 ## - | |
| -- | text |
| -- | txt |
| -- | rdacontent |
| 337 ## - | |
| -- | computer |
| -- | c |
| -- | rdamedia |
| 338 ## - | |
| -- | online resource |
| -- | cr |
| -- | rdacarrier |
| 500 ## - GENERAL NOTE | |
| General note | "Estudio lusfilosófico sentencia C-221/94. Corte Constitucional de Colombia." |
| 504 ## - BIBLIOGRAPHY, ETC. NOTE | |
| Bibliography, etc | Includes bibliographical references. |
| 500 ## - GENERAL NOTE | |
| General note | "Impresión: Septiembre de 2013." |
| 610 10 - SUBJECT ADDED ENTRY--CORPORATE NAME | |
| Corporate name or jurisdiction name as entry element | Colombia. |
| Subordinate unit | Corte Constitucional. |
| 650 #0 - SUBJECT ADDED ENTRY--TOPICAL TERM | |
| Topical term or geographic name as entry element | Drug legalization |
| General subdivision | Moral and ethical aspects |
| Geographic subdivision | Colombia. |
| 650 #0 - SUBJECT ADDED ENTRY--TOPICAL TERM | |
| Topical term or geographic name as entry element | Sociological jurisprudence |
| Geographic subdivision | Colombia. |
| 856 40 - LOCALIZACIÓN Y ACCESO ELECTRÓNICO | |
| Identificador Uniforme del Recurso (URI/URL) | https://app.vlex.com/#/sources/40459 |
| 942 ## - | |
| -- | RAA |
| 999 ## - | |
| -- | 173246 |
| -- | 173246 |
No hay ítems disponibles.